000 02429cab a2200265 4500
001 ABS68655
008 050126n2004 000 0 eng u
035 _a(Sirsi) u128616
245 _aFattal and another v Keepers and Governors of the Possessions, Revenues and Goods of the Free Grammar School of John Lyon
260 _c2004
490 _aEstates Gazette
_v[2005] 04 EG 168-170(3)(CS)
490 _aWeekly Law ReportsÅ’v[2005] 1 WLR 803-909(7)
520 _a2004] EWCA Civ 1530, 30 November 2004. Appellant tenants (F) carried out extensive works before occupying the property owned by respondent freeholders (J). F served a notice on J under the Leasehold Reform Act 1967 on 31 August 2000 (the valuation date) to acquire the freehold. As the parties were unable to agree a price, the matter was referred to the Leasehold Valuation Tribunal, whose determination was reduced on appeal by the Lands Tribunal. The issue arose as to whether the valuation should take account of development potential. The price payable according to s9(1A)(d) is the open market value at the valuation date with the price diminished by the extent by which the property's value has been increased by improvements made by tenants or predecessors (assumption (d)). F submitted on appeal that the comparison should be between the property's value in its improved and its unimproved state at the valuation date. "Held": appeal dismissed. Assumption (d) does not require the value of the potential for improvement to be excluded from the valuation of the unimproved house but does require a calculation of the amount of the increase arising from the improvements, which necessarily involved a valuation of the property in the state it would have been in on the valuation date had it not been improved. View the decision at www.bailii.org.
590 _aABS
650 _aLEASEHOLD REFORM ACT 1967 PART I
650 _aLEASEHOLD REFORM ACT 1967 S9(1A)
650 _aLAND TRIBUNAL RULES 1996 R50(4)
650 _aJOHN LYON'S CHARITY V SHALSON
650 _aFATTAL AND ANOTHER V KEEPERS AND GOVERNORS OF THE POSSESSIONS, REVENUES AND GOODS OF THE FREE GRAMMAR SCHOOL OF JOHN LYON
650 _aPROPERTY VALUATION
650 _aLEASEHOLD VALUATION TRIBUNAL
690 _aLANDLORD AND TENANT-LEASEHOLD REFORM
856 _uhttps://www.bailii.org/ew/cases/EWCA/Civ/2004/1530.html
_zView the decision on the BAILII website...
942 _n0
999 _c74759
_d74759